Endless night / (Record no. 533848)
[ view plain ]
| 000 -LEADER | |
|---|---|
| fixed length control field | 00843cam a2200265 a 4500 |
| 001 - CONTROL NUMBER | |
| control field | 3804220 |
| 003 - CONTROL NUMBER IDENTIFIER | |
| control field | NUST |
| 005 - DATE AND TIME OF LATEST TRANSACTION | |
| control field | 20200122121117.0 |
| 008 - FIXED-LENGTH DATA ELEMENTS--GENERAL INFORMATION | |
| fixed length control field | 850219t19851967nyu 000 1 eng |
| 010 ## - LIBRARY OF CONGRESS CONTROL NUMBER | |
| LC control number | 85004390 |
| 020 ## - INTERNATIONAL STANDARD BOOK NUMBER | |
| International Standard Book Number | 9780007282241 |
| Terms of availability | Rs. 260 |
| 038 ## - RECORD CONTENT LICENSOR | |
| Staff Name | MSOHAIL |
| 040 ## - CATALOGING SOURCE | |
| Original cataloging agency | DLC |
| Transcribing agency | DLC |
| Modifying agency | DLC |
| 050 00 - LIBRARY OF CONGRESS CALL NUMBER | |
| Classification number | PR6005.H66 |
| Item number | E5 1985 |
| 082 00 - DEWEY DECIMAL CLASSIFICATION NUMBER | |
| Classification number | 823.912 |
| Author Mark | CHR |
| 100 1# - MAIN ENTRY--PERSONAL NAME | |
| Personal name | Christie, Agatha, |
| Dates associated with a name | 1890-1976. |
| 9 (RLIN) | 2976 |
| 245 10 - TITLE STATEMENT | |
| Title | Endless night / |
| Statement of responsibility, etc. | Agatha Christie. |
| 250 ## - EDITION STATEMENT | |
| Edition statement | Winterbrook ed., 1st ed. |
| 260 ## - PUBLICATION, DISTRIBUTION, ETC. | |
| Place of publication, distribution, etc. | New York : |
| Name of publisher, distributor, etc. | Dodd, Mead, |
| Date of publication, distribution, etc. | 1967. |
| 300 ## - PHYSICAL DESCRIPTION | |
| Extent | 303 p. ; |
| Dimensions | 22 cm. |
| 655 #7 - INDEX TERM--GENRE/FORM | |
| Genre/form data or focus term | Detective and mystery stories. |
| Source of term | gsafd |
| 9 (RLIN) | 2977 |
| 856 42 - ELECTRONIC LOCATION AND ACCESS | |
| Materials specified | Contributor biographical information |
| Uniform Resource Identifier | <a href="http://www.loc.gov/catdir/enhancements/fy1209/85004390-b.html">http://www.loc.gov/catdir/enhancements/fy1209/85004390-b.html</a> |
| 906 ## - LOCAL DATA ELEMENT F, LDF (RLIN) | |
| a | 7 |
| b | cbc |
| c | orignew |
| d | 1 |
| e | ocip |
| f | 19 |
| g | y-gencatlg |
| 942 ## - ADDED ENTRY ELEMENTS (KOHA) | |
| Source of classification or shelving scheme | |
| Koha item type | Book |
| Withdrawn status | Lost status | Source of classification or shelving scheme | Damaged status | Not for loan | Permanent Location | Current Location | Date acquired | Total Checkouts | Total Renewals | Full call number | Barcode | Date last seen | Date last checked out | Price effective from | Koha item type |
|---|---|---|---|---|---|---|---|---|---|---|---|---|---|---|---|
| School of Civil and Environmental Engineering (SCEE) | School of Civil and Environmental Engineering (SCEE) | 01/22/2020 | 2 | 1 | 823.912 CHR | NIT-9362 | 09/09/2024 | 06/04/2024 | 01/22/2020 | Book |
